[Event "Karpos Open 2013"]
[Site "Skopje MKD"]
[Date "2013.03.10"]
[Round "3.99"]
[White "Hadzi - Manev, Ljubomir"]
[Black "Onal, Ozan"]
[Result "1-0"]
[WhiteTitle "FM"]
[WhiteElo "2071"]
[BlackElo "1461"]
[WhiteFideId "15000443"]
[BlackFideId "6356362"]
[EventDate "2013.03.09"]

1. d4 Nf6 2. c4 g6 3. Nc3 Bg7 4. e4 d6 5. h3 O-O 6. Nf3 e5 7. d5 Nbd7 8. Bg5 h6
9. Be3 Nh7 10. Qd2 g5 11. Bd3 Nc5 12. Bc2 f5 13. Bxc5 dxc5 14. exf5 Bxf5 15.
Bxf5 Rxf5 16. O-O-O Qf8 17. Rhe1 a6 18. d6 Rd8 19. dxc7 Rxd2 20. Rxd2 Rf7 21.
Rd8 Rxc7 22. Rxf8+ Nxf8 23. Nxe5 Kh7 24. Nd5 Rc8 25. b3 Re8 26. Nd3 Rxe1+ 27.
Nxe1 Bd4 28. Nd3 Ne6 29. Kd2 Kg6 30. Ke2 Ng7 31. Kf3 Nf5 32. g3 Kf7 33. Nb6 Ke6
34. Kg4 Ng7 35. h4 gxh4 36. Kxh4 Kd6 37. Nd5 b5 38. g4 a5 39. f4 a4 40. f5 axb3
41. axb3 bxc4 42. bxc4 h5 43. f6 Ne6 44. Kxh5 Nf8 45. g5 Ke6 46. Kg4 Ng6 47.
N5f4+ Nxf4 48. Nxf4+ Kf7 49. Kf5 Be3 50. g6+ Kg8 51. f7+ 1-0

[Event "Karpos Open 2013"]
[Site "Skopje MKD"]
[Date "2013.03.11"]
[Round "4.3"]
[White "Jankovic, Alojzije"]
[Black "Safarli, Eltaj"]
[Result "1/2-1/2"]
[WhiteTitle "GM"]
[BlackTitle "GM"]
[WhiteElo "2538"]
[BlackElo "2638"]
[WhiteFideId "14505959"]
[BlackFideId "13402129"]
[EventDate "2013.03.09"]

1. d4 Nf6 2. Nf3 g6 3. c4 Bg7 4. Nc3 d5 5. Bg5 Ne4 6. Bf4 Nxc3 7. bxc3 c5 8. e3
O-O 9. cxd5 Qxd5 10. Qb3 Qd8 11. Qa3 cxd4 12. cxd4 Nc6 13. Rb1 Qa5+ 14. Qxa5
Nxa5 15. Bd3 Be6 16. Nd2 Rac8 17. Ke2 Rc3 18. Rhc1 Rfc8 19. Rxc3 Rxc3 20. Bb8 a6
21. a4 Bd7 22. Ne4 Ra3 23. Nc5 Bxa4 24. Nxb7 Ra2+ 25. Ke1 Nxb7 26. Rxb7 Ra1+ 27.
Rb1 Rxb1+ 28. Bxb1 Bc6 29. f3 e6 1/2-1/2

[Event "Karpos Open 2013"]
[Site "Skopje MKD"]
[Date "2013.03.11"]
[Round "4.4"]
[White "Yemelin, Vasily"]
[Black "Arnaudov, G. Petar"]
[Result "1-0"]
[WhiteTitle "GM"]
[BlackTitle "IM"]
[WhiteElo "2574"]
[BlackElo "2468"]
[WhiteFideId "4113217"]
[BlackFideId "2907127"]
[EventDate "2013.03.09"]

1. e4 e5 2. Nf3 Nc6 3. Bb5 f5 4. Nc3 fxe4 5. Nxe4 Nf6 6. Nxf6+ Qxf6 7. Qe2 Be7
8. c3 Qg6 9. Bd3 Qxg2 10. Rg1 Qh3 11. Rxg7 Bf6 12. Rg3 Qh5 13. Be4 Ne7 14. d4 d5
15. dxe5 dxe4 16. exf6 Qf5 17. Nh4 Qxf6 18. Bg5 Qe6 19. Re3 Rg8 20. Rxe4 Qxe4
21. Qxe4 Rxg5 22. O-O-O 1-0

[Event "Karpos Open 2013"]
[Site "Skopje MKD"]
[Date "2013.03.11"]
[Round "4.5"]
[White "Jumabayev, Rinat"]
[Black "Cheparinov, Ivan"]
[Result "1/2-1/2"]
[WhiteTitle "GM"]
[BlackTitle "GM"]
[WhiteElo "2554"]
[BlackElo "2706"]
[WhiteFideId "13702661"]
[BlackFideId "2905540"]
[EventDate "2013.03.09"]

1. c4 e5 2. Nc3 Nf6 3. Nf3 Nc6 4. g3 Bb4 5. Bg2 O-O 6. O-O Re8 7. Nd5 Bc5 8. d3
h6 9. Nd2 d6 10. Nxf6+ Qxf6 11. Ne4 Qg6 12. Kh1 Bb6 13. Be3 Nd4 14. b4 f5 15.
Nc3 c6 16. Qd2 Bd7 17. Na4 Bc7 18. Rab1 a6 19. Nc3 Kh8 20. f4 Rad8 21. Bg1 b5
22. a4 a5 23. cxb5 axb4 24. Rxb4 Ba5 25. Qb2 Bxb4 26. Qxb4 cxb5 27. axb5 Rb8 28.
Bxd4 exd4 29. Qxd4 Rec8 30. Rb1 Bxb5 31. Kg1 Be8 32. Rxb8 Rxb8 33. Kf2 Qe6 34.
Bd5 Qe7 35. Bf3 Bf7 36. Nd1 Rb5 37. Ne3 Rc5 38. Bd5 Bxd5 39. Nxd5 Qb7 40. Ne3
Qh1 41. h4 Qc6 42. Nc4 Kh7 43. Qe3 Qd7 44. Qd4 Qc6 45. Qe3 Qd7 46. Qd4 Qc6 1/2-1/2

[Event "Karpos Open 2013"]
[Site "Skopje MKD"]
[Date "2013.03.11"]
[Round "4.7"]
[White "Georgiev, Kiril"]
[Black "Dvirnyy, Danyyil"]
[Result "1-0"]
[WhiteTitle "GM"]
[BlackTitle "IM"]
[WhiteElo "2657"]
[BlackElo "2530"]
[WhiteFideId "2900017"]
[BlackFideId "817570"]
[EventDate "2013.03.09"]

1. d4 Nf6 2. c4 e6 3. Nf3 d5 4. Bg5 h6 5. Bh4 Be7 6. e3 O-O 7. Nbd2 Ne4 8. Bxe7
Qxe7 9. Rc1 Nxd2 10. Qxd2 c6 11. Bd3 Nd7 12. cxd5 exd5 13. O-O Nf6 14. b4 a6 15.
a4 Be6 16. b5 cxb5 17. axb5 a5 18. Qa2 a4 19. Rc3 Ne4 20. Ra3 Rfc8 21. Qb2 Nd6
22. Qb4 Bf5 23. Bxf5 Nxf5 24. Rxa4 Qxb4 25. Rxb4 Rc2 26. Rbb1 Raa2 27. Rbc1 f6
28. Rxc2 Rxc2 29. g4 Nd6 30. Nh4 Ne4 31. Nf5 Kf8 32. Ng3 Rb2 33. Nxe4 dxe4 34.
Rc1 Rxb5 35. Rc8+ Ke7 36. Rc7+ Kf8 37. Kg2 h5 38. gxh5 Rg5+ 39. Kh1 Rf5 40. Kg2
Rg5+ 41. Kh3 b5 42. Rb7 Ke8 43. Kh4 Kf8 44. h3 Ke8 45. d5 Rxd5 46. Rxg7 Rg5 47.
Rb7 Kf8 48. Rd7 Kg8 49. Re7 Re5 50. Rd7 Rg5 51. Rb7 Kf8 52. h6 Kg8 53. Re7 b4
54. Rb7 Rf5 55. Kg4 Rxf2 56. h7+ Kh8 57. Kh5 Rc2 58. Kg6 Rc8 59. Rxb4 Rf8 60.
Rxe4 f5 61. Rf4 Re8 62. Rxf5 1-0

[Event "Karpos Open 2013"]
[Site "Skopje MKD"]
[Date "2013.03.11"]
[Round "4.8"]
[White "Saric, Ante"]
[Black "Iturrizaga, Eduardo"]
[Result "1/2-1/2"]
[WhiteTitle "GM"]
[BlackTitle "GM"]
[WhiteElo "2549"]
[BlackElo "2650"]
[WhiteFideId "14506254"]
[BlackFideId "3901211"]
[EventDate "2013.03.09"]

1. Nf3 c5 2. c4 g6 3. d4 cxd4 4. Nxd4 Nc6 5. e4 Nf6 6. Nc3 d6 7. Be2 Bg7 8. Be3
O-O 9. O-O Bd7 10. Qd2 Nxd4 11. Bxd4 Bc6 12. f3 Nd7 13. Be3 a5 14. b3 Nc5 15.
Rab1 Qb6 16. Rfc1 1/2-1/2

[Event "Karpos Open 2013"]
[Site "Skopje MKD"]
[Date "2013.03.11"]
[Round "4.10"]
[White "Nevednichy, Vladislav"]
[Black "Sumets, Andrey"]
[Result "1/2-1/2"]
[WhiteTitle "GM"]
[BlackTitle "GM"]
[WhiteElo "2548"]
[BlackElo "2620"]
[WhiteFideId "1205730"]
[BlackFideId "14105500"]
[EventDate "2013.03.09"]

1. e4 c6 2. d4 d5 3. e5 Bf5 4. Nf3 e6 5. Be2 c5 6. Be3 cxd4 7. Nxd4 Ne7 8. O-O
Nbc6 9. Bb5 Bg6 10. c4 a6 11. Bxc6+ Nxc6 12. Nxc6 bxc6 13. Qa4 Qd7 14. cxd5 cxd5
15. Nc3 Qxa4 16. Nxa4 Be7 17. Rfc1 O-O 18. Nb6 Rad8 19. Rc7 d4 20. Bxd4 Rxd4 21.
Rxe7 Rfd8 22. f3 Rb4 23. Rd7 Rxd7 24. Nxd7 Rxb2 25. a4 h5 26. h4 a5 27. Kh2 Rd2
28. Nb6 Rd4 29. Kg3 Rb4 30. Nc8 Kh7 31. Na7 Rc4 32. Nb5 Rc5 33. Kf4 f6 34. exf6
gxf6 35. Rd1 Bc2 36. Rd7+ Kg6 37. Ra7 Bxa4 38. Nd6 Bc6 39. Nc8 e5+ 40. Kg3 Be8
41. Ne7+ Kh6 42. f4 Rc3+ 43. Kh2 exf4 44. Nf5+ Kg6 45. Ne7+ 1/2-1/2

[Event "Karpos Open 2013"]
[Site "Skopje MKD"]
[Date "2013.03.11"]
[Round "4.13"]
[White "Parligras, Mircea-Emilian"]
[Black "Berescu, Alin-Mile"]
[Result "1/2-1/2"]
[WhiteTitle "GM"]
[BlackTitle "GM"]
[WhiteElo "2616"]
[BlackElo "2477"]
[WhiteFideId "1204297"]
[BlackFideId "1204920"]
[EventDate "2013.03.09"]

1. e4 c6 2. d4 d5 3. Nd2 dxe4 4. Nxe4 Bf5 5. Ng3 Bg6 6. h4 h6 7. h5 Bh7 8. Nf3
Nd7 9. Bd3 Bxd3 10. Qxd3 e6 11. Bf4 Qa5+ 12. Bd2 Qc7 13. O-O-O Ngf6 14. Kb1
O-O-O 15. Ne4 Nxe4 16. Qxe4 Nf6 17. Qe2 1/2-1/2

[Event "Karpos Open 2013"]
[Site "Skopje MKD"]
[Date "2013.03.11"]
[Round "4.14"]
[White "Drenchev, Petar"]
[Black "Rodshtein, Maxim"]
[Result "0-1"]
[WhiteTitle "GM"]
[BlackTitle "GM"]
[WhiteElo "2491"]
[BlackElo "2615"]
[WhiteFideId "2903261"]
[BlackFideId "2806851"]
[EventDate "2013.03.09"]

1. d4 Nf6 2. c4 g6 3. Nc3 d5 4. Nf3 Bg7 5. Qb3 dxc4 6. Qxc4 O-O 7. e4 Na6 8. Be2
c5 9. d5 e6 10. O-O exd5 11. exd5 Re8 12. Rd1 Qb6 13. Qh4 Qb4 14. Bg5 Qxh4 15.
Bxh4 Bd7 16. d6 Nb4 17. Bb5 a6 18. Bxf6 axb5 19. Bxg7 Kxg7 20. a3 Na6 21. Re1 f6
22. Nd5 Kf7 23. Ne7 Be6 24. Nd2 Rad8 25. Ne4 h6 26. Rad1 Rd7 27. Nc3 Bc4 28. Rd2
Red8 29. b3 Bxb3 30. Nxb5 Bc4 31. a4 Nb4 32. Red1 Bb3 33. Ra1 Bc4 34. Rad1 Bb3
35. Ra1 Bxa4 36. Rxa4 Rxe7 37. g3 Re6 38. Ra7 Rd7 39. Ra8 Nc6 40. Rc8 Re4 41.
Rh8 Nd4 42. Rb2 Ke6 43. Re8+ Kf5 44. Rc8 Nxb5 45. Rxb5 Re5 46. f4 Rd5 47. Rcxc5
Rxc5 48. Rxc5+ Ke6 49. Rb5 Kxd6 50. Rb6+ Kc5 51. Rxf6 Rd6 52. Rf8 b5 53. g4 b4
54. f5 b3 55. fxg6 b2 56. Rf5+ Kc4 0-1

[Event "Karpos Open 2013"]
[Site "Skopje MKD"]
[Date "2013.03.11"]
[Round "4.15"]
[White "Lupulescu, Constantin"]
[Black "Stella, Andrea"]
[Result "1-0"]
[WhiteTitle "GM"]
[BlackTitle "IM"]
[WhiteElo "2614"]
[BlackElo "2477"]
[WhiteFideId "1207822"]
[BlackFideId "827061"]
[EventDate "2013.03.09"]

1. d4 Nf6 2. c4 g6 3. f3 d5 4. cxd5 Nxd5 5. e4 Nb6 6. Nc3 Bg7 7. Be3 O-O 8. Qd2
Nc6 9. O-O-O f5 10. e5 Nb4 11. Nh3 Be6 12. Kb1 Qd7 13. Nf4 Rfd8 14. a3 N4d5 15.
Ncxd5 Bxd5 16. Nxd5 Qxd5 17. Qc1 Rac8 18. Be2 Rd7 19. Qc3 e6 20. Rd2 c6 21. h4
Rdc7 22. h5 Qd7 23. hxg6 hxg6 24. Bg5 Nd5 25. Qb3 a6 26. f4 b5 27. g4 c5 28.
dxc5 Rxc5 29. gxf5 gxf5 30. Bf3 a5 31. Bxd5 1-0

[Event "Karpos Open 2013"]
[Site "Skopje MKD"]
[Date "2013.03.11"]
[Round "4.16"]
[White "Drazic, Sinisa"]
[Black "Mastrovasilis, Dimitrios"]
[Result "0-1"]
[WhiteTitle "GM"]
[BlackTitle "GM"]
[WhiteElo "2459"]
[BlackElo "2614"]
[WhiteFideId "901172"]
[BlackFideId "4202694"]
[EventDate "2013.03.09"]

1. e4 c5 2. Nf3 e6 3. c3 Nf6 4. d3 b6 5. Nbd2 Bb7 6. Be2 Be7 7. O-O O-O 8. Re1
Qc7 9. e5 Nd5 10. Bf1 d6 11. exd6 Bxd6 12. Ne4 Be7 13. Ng3 Nc6 14. Qe2 Rad8 15.
Bd2 Rd7 16. Rad1 Rfd8 17. Qe4 Nf6 18. Qa4 Qc8 19. Bg5 Ba6 20. Qc2 h6 21. Bxf6
Bxf6 22. Nh5 Be7 23. h4 Rd5 24. Nf4 Rf5 25. Qa4 b5 26. Qe4 Bb7 27. Qe3 Bd6 28.
Ne2 Ne7 29. Ng3 Nd5 30. Qc1 Bxg3 31. fxg3 Qc7 32. Nd2 Qxg3 33. Ne4 Qxh4 34. g3
Qg4 35. c4 Nf6 36. Be2 Qh3 37. Qe3 Bxe4 38. dxe4 Rxd1 39. Rxd1 Rg5 40. Rd3 bxc4
41. Rc3 Qh4 42. Qxc5 Nxe4 43. Qc8+ Kh7 44. Qxc4 Rxg3+ 0-1

[Event "Karpos Open 2013"]
[Site "Skopje MKD"]
[Date "2013.03.11"]
[Round "4.17"]
[White "Markus, Robert"]
[Black "Can, Emre"]
[Result "1-0"]
[WhiteTitle "GM"]
[BlackTitle "GM"]
[WhiteElo "2605"]
[BlackElo "2474"]
[WhiteFideId "921637"]
[BlackFideId "6302181"]
[EventDate "2013.03.09"]

1. d4 Nf6 2. c4 g6 3. g3 Bg7 4. Bg2 O-O 5. Nc3 d6 6. Nf3 Nc6 7. O-O a6 8. e3 e5
9. d5 Ne7 10. e4 b5 11. Re1 Rb8 12. c5 Ne8 13. b4 c6 14. Bg5 f6 15. Be3 cxd5 16.
Nxd5 Be6 17. a4 Rf7 18. axb5 axb5 19. Ra6 Qc8 20. Rb6 dxc5 21. bxc5 Rxb6 22.
cxb6 Bxd5 23. exd5 Nd6 24. Qb3 Qc4 25. Nd2 Qxb3 26. Nxb3 Nef5 27. Bc5 Bf8 28.
Ra1 Nb7 29. d6 Nxc5 30. Nxc5 Bxd6 31. Bd5 Bxc5 32. b7 Bd6 33. Ra8+ Kg7 34. Bxf7
Kxf7 35. Rd8 1-0

[Event "Karpos Open 2013"]
[Site "Skopje MKD"]
[Date "2013.03.11"]
[Round "4.18"]
[White "Hamitevici, Vladimir"]
[Black "Kozul, Zdenko"]
[Result "1-0"]
[WhiteTitle "IM"]
[BlackTitle "GM"]
[WhiteElo "2444"]
[BlackElo "2608"]
[WhiteFideId "13902393"]
[BlackFideId "14502879"]
[EventDate "2013.03.09"]

1. d4 Nf6 2. c4 g6 3. Nc3 Bg7 4. Nf3 O-O 5. Bf4 c5 6. d5 d6 7. e3 Qb6 8. Rb1 Bf5
9. Bd3 Bxd3 10. Qxd3 Nbd7 11. h3 a6 12. O-O Qa5 13. a4 Nb6 14. Ra1 Rfe8 15. Nd2
Nh5 16. Bh2 Bxc3 17. Qxc3 Qxc3 18. bxc3 Nd7 19. g4 Ng7 20. Rfe1 b6 21. Rab1 f6
22. f3 h5 23. Kf2 Kf7 24. f4 hxg4 25. hxg4 Rh8 26. Bg3 f5 27. gxf5 gxf5 28. Nf3
Nf6 29. Ng5+ Kg6 30. Kf3 b5 31. axb5 axb5 32. Rxb5 Ra2 33. Rg1 Ng4 34. Rb7 Rhh2
35. Bxh2 Rf2+ 36. Kg3 Rxh2 37. Nh3 Kf6 38. Rb8 Re2 39. Rf8+ Kg6 40. Kh4 Nh5 41.
Rg8+ Kf7 42. Kxh5 Kxg8 43. Kg6 Kf8 44. Ng5 Ke8 45. e4 Ne3 46. Ra1 Kd8 47. Ra8+
Kc7 48. Ra7+ Kb6 49. Rxe7 Nxc4 50. Kxf5 Rc2 51. Ke6 Rxc3 52. Nf7 Rh3 53. f5 Rh4
54. Nxd6 Rh6+ 55. f6 Nxd6 56. Kxd6 Rxf6+ 57. Re6 Rf7 58. Ke5+ Kb5 59. Re8 Rh7
60. d6 Kc4 61. Kf5 Kd4 62. e5 Kd5 63. Re7 Rh8 64. d7 Rf8+ 65. Kg4 1-0

[Event "Karpos Open 2013"]
[Site "Skopje MKD"]
[Date "2013.03.11"]
[Round "4.19"]
[White "Romanov, Evgeny"]
[Black "Kadric, Denis"]
[Result "1-0"]
[WhiteTitle "GM"]
[BlackTitle "IM"]
[WhiteElo "2603"]
[BlackElo "2473"]
[WhiteFideId "4148843"]
[BlackFideId "14403803"]
[EventDate "2013.03.09"]

1. d4 g6 2. e4 Bg7 3. Nf3 d6 4. Be2 Nf6 5. Nc3 O-O 6. O-O c5 7. Bg5 h6 8. Bh4 g5
9. Bg3 Nh5 10. d5 Nxg3 11. hxg3 Qb6 12. Qc1 Nd7 13. Nd1 Nf6 14. Nd2 e6 15. Ne3
Re8 16. dxe6 fxe6 17. c3 Rf8 18. Qc2 d5 19. Rad1 Bd7 20. e5 Ne8 21. Qg6 Nc7 22.
Bd3 Rf7 23. Ng4 Kf8 24. Nxh6 Be8 25. Qh7 Bxe5 26. Qg8+ Ke7 27. Qxg5+ Kd6 28.
Nxf7+ Bxf7 29. Rfe1 Bh8 30. Nc4+ dxc4 31. Bxc4+ 1-0

[Event "Karpos Open 2013"]
[Site "Skopje MKD"]
[Date "2013.03.11"]
[Round "4.20"]
[White "Arsovic, Goran"]
[Black "Van Kampen, Robin"]
[Result "1/2-1/2"]
[WhiteTitle "IM"]
[BlackTitle "GM"]
[WhiteElo "2438"]
[BlackElo "2592"]
[WhiteFideId "901792"]
[BlackFideId "1020854"]
[EventDate "2013.03.09"]

1. d4 Nf6 2. Nf3 e6 3. c4 b6 4. g3 Ba6 5. Qa4 Bb7 6. Bg2 c5 7. dxc5 bxc5 8. Nc3
Be7 9. O-O O-O 10. Bf4 Qb6 11. Qb5 Rd8 12. Rfd1 d6 13. h3 Nbd7 14. Qxb6 Nxb6 15.
b3 h6 16. Ne1 Bxg2 17. Kxg2 g5 18. Bd2 d5 19. cxd5 exd5 20. Nf3 Ne4 21. Nxe4
dxe4 22. Ne1 c4 23. bxc4 Nxc4 24. Bc3 Rac8 25. Rxd8+ Bxd8 26. Bd4 Bb6 27. Bxb6
Nxb6 28. Rd1 Kg7 29. Rd2 Rc1 30. Kf1 Kf6 31. e3 Ke5 32. Rc2 Ra1 33. Rc5+ Nd5 34.
Ra5 f5 35. Rxa7 f4 36. exf4+ gxf4 37. gxf4+ Nxf4 38. f3 exf3 39. Kf2 Nxh3+ 40.
Kxf3 Ng5+ 41. Ke2 Kf4 1/2-1/2

[Event "Karpos Open 2013"]
[Site "Skopje MKD"]
[Date "2013.03.11"]
[Round "4.22"]
[White "Palac, Mladen"]
[Black "Atakisi, Umut"]
[Result "1/2-1/2"]
[WhiteTitle "GM"]
[BlackTitle "IM"]
[WhiteElo "2572"]
[BlackElo "2328"]
[WhiteFideId "14500116"]
[BlackFideId "6301037"]
[EventDate "2013.03.09"]

1. e4 c5 2. Nf3 d6 3. d4 cxd4 4. Qxd4 Nc6 5. Bb5 Qa5+ 6. Nc3 Qxb5 7. Nxb5 Nxd4
8. Nfxd4 Kd8 9. Bg5 Nf6 10. Nc3 h6 11. Bxf6 gxf6 12. O-O-O Bd7 13. Nd5 Bg7 14.
Nf5 Bf8 15. Ng3 h5 16. h4 Rc8 17. Rd3 Rc5 18. Ra3 a6 19. Rb3 Bc6 20. Nb4 1/2-1/2

[Event "Karpos Open 2013"]
[Site "Skopje MKD"]
[Date "2013.03.11"]
[Round "4.23"]
[White "Cabarkapa, Novak"]
[Black "Golod, Vitali"]
[Result "0-1"]
[WhiteTitle "FM"]
[BlackTitle "GM"]
[WhiteElo "2321"]
[BlackElo "2564"]
[WhiteFideId "943746"]
[BlackFideId "2804140"]
[EventDate "2013.03.09"]

1. e4 e5 2. Nf3 Nc6 3. Bb5 a6 4. Ba4 Nf6 5. d3 b5 6. Bb3 Bc5 7. O-O d6 8. c3 Bb6
9. Be3 Bxe3 10. fxe3 O-O 11. Nbd2 Na5 12. Bc2 c5 13. Qe1 Rb8 14. Nh4 c4 15. d4
b4 16. Nf5 bxc3 17. bxc3 g6 18. Qh4 gxf5 19. exf5 Rb2 20. Ne4 Nxe4 21. f6 Nxf6
22. Rxf6 Rxc2 23. Raf1 Kh8 24. dxe5 dxe5 25. Qe4 Rxg2+ 0-1

[Event "Karpos Open 2013"]
[Site "Skopje MKD"]
[Date "2013.03.11"]
[Round "4.25"]
[White "Malakhatko, Vadim"]
[Black "Csonka, Balazs"]
[Result "1-0"]
[WhiteTitle "GM"]
[BlackTitle "FM"]
[WhiteElo "2571"]
[BlackElo "2319"]
[WhiteFideId "14104202"]
[BlackFideId "742910"]
[EventDate "2013.03.09"]

1. d4 Nf6 2. Nf3 g6 3. Bf4 Bg7 4. e3 O-O 5. Be2 d6 6. h3 c5 7. c3 Nc6 8. O-O Be6
9. Nbd2 Qb6 10. Qb1 cxd4 11. exd4 Rfc8 12. Bd3 a5 13. a4 Bd5 14. Re1 Nd7 15. Be4
Bxe4 16. Nxe4 d5 17. Ned2 e6 18. Nf1 Nf6 19. Ng3 Qa6 20. h4 b5 21. axb5 Qxb5 22.
h5 Ra6 23. Ne5 Rb6 24. Nd3 Nd7 25. Qd1 Ra8 26. Qf3 a4 27. Nf1 Na5 28. Nh2 Nc4
29. Re2 Qb3 30. Ng4 a3 31. Kh2 Rc8 32. Nc1 Qa4 33. b3 Rxb3 34. Nxb3 Qxb3 35. Qh3
Ra8 36. Nh6+ Bxh6 37. Bxh6 Qb8+ 38. g3 Ra6 39. Qh4 e5 40. Kg2 Re6 41. dxe5 Ndxe5
42. hxg6 hxg6 43. Qd4 Qb6 44. Rae1 Qb7 45. Rxe5 Nxe5 46. Rxe5 a2 47. Re2 1-0

[Event "Karpos Open 2013"]
[Site "Skopje MKD"]
[Date "2013.03.11"]
[Round "4.26"]
[White "Kuljasevic, Davorin"]
[Black "Ben Artzi, Ido"]
[Result "1-0"]
[WhiteTitle "GM"]
[WhiteElo "2564"]
[BlackElo "2307"]
[WhiteFideId "14506661"]
[BlackFideId "2810913"]
[EventDate "2013.03.09"]

1. Nf3 Nf6 2. c4 g6 3. Nc3 d5 4. cxd5 Nxd5 5. Qb3 Nb6 6. d4 Bg7 7. e4 Bg4 8.
Bb5+ c6 9. Ng5 O-O 10. Be2 Bxe2 11. Nxe2 c5 12. dxc5 N6d7 13. Qxb7 Qa5+ 14. Bd2
Qa6 15. Qxa6 Nxa6 16. c6 Bxb2 17. Rb1 Ndc5 18. O-O Bf6 19. Nf3 Nxe4 20. Ba5 Rfc8
21. Rfc1 e6 22. c7 Be7 23. Rc6 Nec5 24. Ned4 Kf8 25. Rb5 f6 26. Nb3 Nxb3 27.
axb3 Nb8 28. cxb8=Q Raxb8 29. Rxb8 Rxb8 30. Nd2 Rb5 31. Bc3 1-0

[Event "Karpos Open 2013"]
[Site "Skopje MKD"]
[Date "2013.03.11"]
[Round "4.27"]
[White "Damljanovic, Branko"]
[Black "Organdziev, Oliver"]
[Result "1-0"]
[WhiteTitle "GM"]
[BlackTitle "FM"]
[WhiteElo "2562"]
[BlackElo "2293"]
[WhiteFideId "900125"]
[BlackFideId "15000419"]
[EventDate "2013.03.09"]

1. c4 e5 2. g3 Nc6 3. Nc3 f5 4. Nf3 Nf6 5. d4 e4 6. Nh4 d6 7. f3 Be7 8. Ng2 O-O
9. Nf4 Qe8 10. Bg2 Bd8 11. O-O exf3 12. exf3 Qf7 13. b3 Ne7 14. Qd3 Ng6 15. Nh3
h6 16. f4 Re8 17. Nf2 c6 18. d5 cxd5 19. Nxd5 Nxd5 20. Bxd5 Be6 21. Bxe6 Rxe6
22. Be3 Bb6 23. Bxb6 axb6 24. Nd1 Rae8 25. Nc3 Ne7 26. Rae1 Nc8 27. Rxe6 Qxe6
28. Kf2 Qf6 29. Rd1 Kh7 30. Nd5 Qf7 31. h4 Kg8 32. Ne3 Rf8 33. Qd5 Kh7 34. Qxf7
Rxf7 35. Rd5 g6 36. h5 Kg7 37. Rb5 gxh5 38. Nxf5+ Kh7 39. Nh4 Rf6 40. Kf3 Rf7
41. Rxh5 Ne7 42. Rb5 Nc8 43. g4 1-0

[Event "Karpos Open 2013"]
[Site "Skopje MKD"]
[Date "2013.03.11"]
[Round "4.28"]
[White "Goriatchkin, Jouri"]
[Black "Solodovnichenko, Yuri"]
[Result "1/2-1/2"]
[WhiteTitle "FM"]
[BlackTitle "GM"]
[WhiteElo "2302"]
[BlackElo "2559"]
[WhiteFideId "4120183"]
[BlackFideId "14104369"]
[EventDate "2013.03.09"]

1. d4 g6 2. Nf3 Bg7 3. g3 c5 4. c3 Qa5 5. Bg2 cxd4 6. Nxd4 Nc6 7. O-O Nf6 8. Nd2
O-O 9. N2b3 Qa4 10. Qd3 Ne5 11. Qb5 Qxb5 12. Nxb5 a6 13. Nc7 Rb8 14. Bf4 d6 15.
Bxe5 dxe5 16. Nc5 e4 17. Rfd1 Bg4 18. Nd5 Nxd5 19. Rxd5 Bxe2 20. Bxe4 Bb5 21.
Nd7 Bc6 22. Nxb8 Bxd5 23. Bxd5 Rxb8 24. Rd1 b5 25. Bc6 Bf6 26. Rd7 Rb6 27. Be4
Kf8 28. Kf1 h5 29. Ke2 g5 30. h3 Ke8 31. Rc7 b4 32. Rb7 Rxb7 1/2-1/2

[Event "Karpos Open 2013"]
[Site "Skopje MKD"]
[Date "2013.03.11"]
[Round "4.29"]
[White "Ratkovic, Milovan"]
[Black "Mikhalevski, Victor"]
[Result "0-1"]
[BlackTitle "GM"]
[WhiteElo "2291"]
[BlackElo "2548"]
[WhiteFideId "914525"]
[BlackFideId "2801914"]
[EventDate "2013.03.09"]

1. d4 Nf6 2. Nf3 g6 3. Bg5 Bg7 4. Bxf6 Bxf6 5. Nc3 d6 6. Qd2 Bg7 7. O-O-O O-O 8.
h4 h6 9. h5 g5 10. e4 Bg4 11. Nd5 e6 12. Ne3 Bxf3 13. gxf3 Qf6 14. Rg1 c5 15. e5
dxe5 16. Ng4 Qf4 17. dxe5 Kh8 18. Qxf4 gxf4 19. c3 Nc6 20. Rd7 Rab8 21. Bb5 Nxe5
22. Nxe5 Bxe5 23. Re1 Bf6 24. Red1 Bh4 25. R1d2 Kg7 26. Bd3 a5 27. Be4 b6 28.
R2d6 Rbd8 29. Rxd8 Bxd8 30. Kc2 Kf6 31. Bb7 Ke5 0-1

[Event "Karpos Open 2013"]
[Site "Skopje MKD"]
[Date "2013.03.11"]
[Round "4.32"]
[White "Tratar, Marko"]
[Black "Veleski, Robert"]
[Result "1/2-1/2"]
[WhiteTitle "GM"]
[BlackTitle "FM"]
[WhiteElo "2512"]
[BlackElo "2267"]
[WhiteFideId "14600684"]
[BlackFideId "15001008"]
[EventDate "2013.03.09"]

1. Nf3 Nf6 2. c4 g6 3. Nc3 d5 4. cxd5 Bg7 5. e4 c6 6. dxc6 Nxc6 7. d4 Bg4 8. d5
Ne5 9. Be2 Nxf3+ 10. Bxf3 Bxf3 11. Qxf3 O-O 12. O-O Rc8 13. Qe2 Nd7 14. Bg5 Ne5
15. Rad1 h6 16. Be3 Qa5 17. Rd4 b5 18. Qxb5 Qxb5 19. Nxb5 Rb8 20. Nxa7 Rxb2 21.
Rd2 Rb4 22. Nc6 Nxc6 23. dxc6 Rc4 24. Rd7 Rxc6 25. Rxe7 Ra6 26. Rd1 Rxa2 27. g4
Ra4 28. f3 Ra3 29. Kf2 Rc8 30. Rd2 Bf6 31. Ra7 Rb3 32. Bxh6 Rcc3 33. Kg2 Rxf3
34. Re2 Be5 35. Ra5 f6 36. Bd2 Rh3 37. Ra8+ Kf7 38. Ra7+ Ke6 39. Ra6+ Kd7 40.
Kg1 Rb2 41. g5 fxg5 42. Rxg6 Rd3 43. Rxg5 Bd4+ 44. Kg2 Rbxd2 45. Rd5+ Ke6 46.
Rxd2 Rxd2+ 47. Kf3 Rf2+ 48. Kg3 Ba7 49. h4 Rb2 50. Rf5 Bb8+ 51. Kf3 Rb3+ 52. Kg2
Ba7 53. Rf3 1/2-1/2

[Event "Karpos Open 2013"]
[Site "Skopje MKD"]
[Date "2013.03.11"]
[Round "4.33"]
[White "Indjic, Aleksandar"]
[Black "Ratkovic, Miloje"]
[Result "1/2-1/2"]
[WhiteTitle "IM"]
[WhiteElo "2502"]
[BlackElo "2249"]
[WhiteFideId "911925"]
[BlackFideId "914517"]
[EventDate "2013.03.09"]

1. c4 e6 2. Nf3 Nf6 3. Nc3 Bb4 4. Qc2 O-O 5. d4 c5 6. dxc5 Na6 7. e3 Nxc5 8. Bd2
b6 9. Be2 Bb7 10. O-O Nce4 11. Nxe4 Bxe4 12. Bd3 Bxd3 13. Qxd3 Bxd2 14. Qxd2 d5
15. cxd5 Qxd5 16. Qxd5 Nxd5 17. a3 Rfc8 18. Rfc1 Ne7 19. Kf1 Rxc1+ 20. Rxc1 Rc8
21. Rd1 Nd5 22. Nd4 Kf8 23. e4 Nf6 24. f3 Ke7 25. Ke2 g6 26. Rd2 a6 27. Nc2 Nd7
28. Nb4 a5 1/2-1/2